000 00635nam a22001937a 4500
999 _c193098
_d193098
005 20221014164453.0
010 _aB-745970
020 _a9789353227487
_c195.00
035 _aB-745970
037 _bPrabhat Paperbacks
082 _a000
245 _aSSC Stenographers (Grade C &D):
_bcomputer based examination (CBE)-2021 10practice sets/
260 _aNew Delhi
_bPrabhat Paperbacks
_c2018
270 _a4/19 Asaf Ali Road
_bNew Delhi
_e110002
300 _a332p.
_c24cm(pbk)
500 _aIndex,1-7
942 _2ddc
_cEN
_mSSC
_h000